01489nam a2200277 a 450000100060000000300090000600800410001502000150005604000280007108200170009924500270011625000060014326000440014930000090019349000310020250503790023359000470061265000360065965000150069565000360071094200120074699900170075895201520077595201560092795201280108320023CO-ViMGA141112s2004 ck r 000 u spa d a9589520987 aCO-ViMGAbspacCO-ViMGA04a808.85 D472d10aDiscursos Premio Nobel a2 aBogotá : bPresencia editores, c2002 a2 v. aColección los Conjurados aTomo I : discursos : Octavio Paz Jose Saramago Pablo Neruda Albert Camus Saint - John Perse William Faulkner Gunter Grass Ernest Hemingway Derek Walcott Gabriel Garcia Marquez Salvatore Quasimodo Tomo II : Czeslaw Milosz Odiseas Elytis Yasunari Kawabata Toni Morrison Camilo Jose Cela Seamus Heaney Naguib Mahfouz V.S. Naipaul Heinrich Boll Wislawa Szymborska Joseph Brodsky aForma de adquisición : Premio Mincultura14aAUTORES EN LA LITERATURA92651414aBIOGRAFIAS14aPREMIOS NOBEL - SIGLO XX929060 2ddccBK c29140d29140 00102ddc40708003aMEVIECARbMEVIECARd2015-12-04hVolumen. 1 | 11/jun/2009l0o808.85 D472d p20023r2015-12-04 00:00:00tEj. 1w2015-12-04yBK 00102ddc40708003aMEVIECARbMEVIECARd2015-12-04hVolumen. 1 | 11/jun/2009l0o808.85 D472d p20023 - 1r2017-10-05 00:00:00tEj. 2w2015-12-04yBK 00102ddc40708012aMEGRANADbMEGRANADcLITd2026-03-12l0oL.G-COMpGRDA05222r2026-03-12 20:20:49tEj.1w2026-03-12yBK